| 000 | 00982 a2200169 4500 | ||
|---|---|---|---|
| 003 | Nust | ||
| 005 | 20221206095607.0 | ||
| 040 | _cNust | ||
| 082 | _a621.381542,DEV | ||
| 100 |
_aDeVere, Chuck _9104180 |
||
| 245 |
_aCathode-ray tubes / _cChuck DeVere |
||
| 260 |
_aNew York _bTektronix _c1970 |
||
| 300 | _a100 p. | ||
| 505 | _aIntroduction (Page-1), Electron Optics (Page-3), The Triode Section (Page-9), Unblanking (Page-17), Focus and Astigmatism Lens (Page-25), The Deflection System (Page-27), Acceleration Schemes (Page-47), Space Charge Repulsion Effect and Trace Width (Page-55), Phosphors (Page-61), Human Eye Response (Page-63), Luminance Characteristics of Phosphors (Page-67), Spectral Response (Page-71), Writing Speed (Page-73), Phosphors Burning (Page-77), Aluminized Tubes (Page-79), Light Filters (Page-81), Graticules (Page-83), Trace Alignment (Page-87), Dual Beam (Page-89), Dual Gun (Page-91). | ||
| 650 | _aTelecommunication Engineering. | ||
| 942 |
_2ddc _cBK |
||
| 999 |
_c182448 _d182448 |
||